00567nam a2200181Ia 4500003000900000008004100009020001800050040001600068080001700084100001600101245014000117260003500257300001500292650001900307650002100326650002200347700001600369IN-BaIIA211028s9999 xx 000 0 eng d a81-224-0339-5 cIIA Library a621.317bUMA aUmanand, L. 0aDesign of magnetic components for switched mode power converterscL. Umanand and S. R. Bhat  aNew DelhibWiley Easternc1992 avii, 148p. aNASA Thesaurus aPower converters aTorque converters aBhat, S. R.